Prechod z jednoduchého účtovníctva na podvojné účtovníctvo

Fyzické osoby - podnikatelia, ktorí môžu účtovať v systéme jednoduchého účtovníctva a podvojného účtovníctva. Prechod z jednoduchého účtovníctva na podvojné - postupy.

Salvato in:
Dettagli Bibliografici
Autore principale: Králiková, Zuzana
Natura: Capitolo di libro
Lingua:slovacco
Soggetti:
Tags: Aggiungi Tag
Nessun Tag, puoi essere il primo ad aggiungerne!!

MARC

LEADER 00000naa$a2200000$$$4500
001 0031122
005 20231106071513.6
041 0 |a slo 
044 |a SK 
245 1 0 |a Prechod z jednoduchého účtovníctva na podvojné účtovníctvo  |c Zuzana Králiková 
520 |a Fyzické osoby - podnikatelia, ktorí môžu účtovať v systéme jednoduchého účtovníctva a podvojného účtovníctva. Prechod z jednoduchého účtovníctva na podvojné - postupy. 
610 2 0 |a účtovníctvo jednoduché 
610 2 0 |a účtovníctvo podvojné 
610 2 0 |a písomnosti účtovné 
610 2 0 |a podnikatelia 
100 1 |a Králiková, Zuzana